00638nam a22001217a 4500008004100000020001500041050002700056245028100083260004500364300002000409440005400429800003300483140818b xxu||||| |||| 00| 0 eng d a0406095558 aKD279.3.L39(1951-1952) aThe Law Reports (1951-1952)Probate Division: of the incorporated council of law reporting Probate, Divorce and Admiralty Division and on appeal therefrom in the court of appeal also decisions in the ecclesiastical courts. /cedited by Ralph Sutton and assisted by R.C. Calburn aLondon:bButterworth and Co. Ltd,c1951. ax,399p.;c24cm. pProbate, Divorce and Admiralty Division 1951-1952 aSutton, RalphaCalburn, R.C.